000 00328nam a22001457a 4500
003 SGT
082 _a800
_bL03R
100 _aRAO,REGA SURYA
245 _aLECTURES ON PUBLIC INTREST LAWYERING
250 _a1ST
260 _aHYDERABAD
_bASIA LAW HOUSE
_c2003
300 _a147
650 _aMASS COMMUNICATION
942 _2ddc
_cBK
999 _c12822
_d12822